000 00576nam a22001937a 4500
005 20251108173345.0
008 250721s1996 xx 000 0 ara d
082 1 4 _aط/956.04 / حسن
100 1 _aحسن، هلا
245 1 0 _aالدولة الأموية /
264 1 _aالجيزة :
_bمكتبة بسام،
_c1996.
300 _a2 ج
490 0 _aلمحات من تاريخ مصر و العرب
_v5+4
650 1 7 _aالتأريخ
650 1 7 _aالأمويون 750-661
653 _a(سنة 14-10) ناشئون صغار
942 _2ddc
_cBK
999 _c102039
_d102039